[Event "2nd Open"]
[Site "Paleohora GRE"]
[Date "2009.07.26"]
[Round "7"]
[White "Bakre,T"]
[Black "Parligras,M"]
[Result "0-1"]
[WhiteElo "2453"]
[BlackElo "2557"]

1.d4 Nf6 2.c4 e6 3.Nc3 Bb4 4.Nf3 c5 5.g3 Ne4 6.Bd2 Nxd2 7.Qxd2 cxd4 8.Nxd4 O-O
9.Bg2 a6 10.O-O Qc7 11.a3 Be7 12.Rac1 d6 13.Rfd1 Nd7 14.Ne4 Rd8 15.Nb3 Nf6
16.Qf4 Qb6 17.Rd3 d5 18.c5 Qb5 19.Nxf6+ Bxf6 20.Qd2 Bd7 21.Nd4 Qa4 22.f4 Rac8
23.e3 Bb5 24.Rdc3 Qa5 25.Qc2 Be8 26.b4 Qc7 27.a4 Qd7 28.Ra1 Rc7 29.Bf1 h5
30.b5 axb5 31.axb5 e5 32.fxe5 Bxe5 33.b6 Rcc8 34.Ra7 Qe7 35.Qc1 h4 36.Bh3 Rc6
37.Rc2 hxg3 38.Nxc6 gxh2+ 39.Kh1 Bxc6 40.Bg2 Qg5 41.Rxb7 Bxb7 42.c6 Qe7 43.cxb7 Qxb7
44.Rc5 Qxb6 45.Rxd5 Re8 46.Rc5 Qb8 47.Rc4 g6 48.Re4 Kg7 49.Rc4 Qb3  0-1

[Event "Czech Open A"]
[Site "Pardubice CZE"]
[Date "2009.07.26"]
[Round "3"]
[White "Kantorik,M"]
[Black "Korennoi,V"]
[Result "1/2-1/2"]
[WhiteElo "2383"]
[BlackElo "2247"]

1.d4 Nf6 2.c4 e6 3.Nc3 Bb4 4.Nf3 b6 5.g3 Ba6 6.Qb3 Bxc3+ 7.Qxc3 O-O 8.Bg2 Ne4
9.Qc2 d5 10.cxd5 exd5 11.Bf4 Nd7 12.O-O Qe7 13.Rac1 c5 14.dxc5 Ndxc5 15.Nd4 Rac8
16.Qd1 Ne6 17.Nc6 Qd7 18.Qxd5 Qxd5 19.Ne7+ Kh8 20.Nxd5 f5 21.Rxc8 Rxc8 22.Rc1 Rxc1+
23.Bxc1 Nd4 24.Be3 Nxe2+ 25.Kh1 Bb7 26.Nb4 g5 27.Nd3 g4 28.Ne1 Bd5 29.f3 Nf6
30.fxg4 Nxg4 31.Bxd5 Nxe3 32.Bf3 Nd4 33.Bh5 Kg7 34.Kg1 Kf6 35.Kf2 Ng4+ 36.Bxg4 fxg4
37.Ke3 Nc6 38.Kf4 Ne5 39.Ke4 h5 40.Nc2 Nf3 41.h4 Nd2+ 42.Kf4 Nc4 43.b3 Ne5
44.Nb4 Ng6+ 45.Ke4 Ne7 46.Nd5+ Nxd5 47.Kxd5 Kf5 48.a3 b5 49.Kd4 Kf6 50.a4 bxa4
51.bxa4 a5 52.Kd5 Kf5 53.Kd4 Kf6  1/2-1/2

[Event "Continental ch-Americas"]
[Site "Sao Paulo BRA"]
[Date "2009.07.26"]
[Round "2"]
[White "Disconzi da Silva,R"]
[Black "Pontes,A"]
[Result "1-0"]
[WhiteElo "2366"]
[BlackElo "2001"]

1.d4 Nf6 2.c4 e6 3.Nc3 Bb4 4.Nf3 d5 5.cxd5 exd5 6.Bg5 Bxc3+ 7.bxc3 c6 8.Qb3 O-O
9.e3 Nbd7 10.Bd3 Re8 11.O-O Qa5 12.c4 Ne4 13.cxd5 cxd5 14.Bf4 Ndf6 15.Rfe1 Bg4
16.Ne5 Be6 17.Qxb7 Rab8 18.Nc6 Qd2 19.Nxb8 Qxf2+ 20.Kh1 Qh4 21.Bxe4 Nxe4
22.Qb5 Rf8 23.Qe2 g5 24.Bc7 f5 25.Kg1 f4 26.Rf1 Rf6 27.Qe1 Qg4 28.Rf3 Qh5
29.exf4 g4 30.Re3 g3 31.Rxg3+ Nxg3 32.Qxg3+ Rg6 33.Qe3 Bh3 34.Qe8+ Kg7 35.Be5+  1-0

[Event "Najdorf Mem Open"]
[Site "Warsaw POL"]
[Date "2009.07.26"]
[Round "9"]
[White "Nebolsina,V"]
[Black "Marszalek,Mac"]
[Result "1-0"]
[WhiteElo "2302"]
[BlackElo "2395"]

1.d4 Nf6 2.c4 e6 3.Nc3 Bb4 4.Nf3 O-O 5.g3 c5 6.Bg2 cxd4 7.Nxd4 Nc6 8.O-O a6
9.Na4 d5 10.cxd5 exd5 11.Nxc6 bxc6 12.Be3 Bg4 13.h3 Bf5 14.Rc1 Rc8 15.Nb6 Rc7
16.Qa4 Bd6 17.Rxc6 Re8 18.Nxd5 Nxd5 19.Rxd6 Bd7 20.Qb3 Nxe3 21.fxe3 Qe7 22.Rxf7 Qxf7
23.Bd5 Be6 24.Bxe6 Rc1+ 25.Kg2 Rxe6 26.Rd8+  1-0

[Event "zt 3.3"]
[Site "Ho Chi Minh City VIE"]
[Date "2009.07.28"]
[Round "8"]
[White "Nolte,R"]
[Black "Nguyen Anh Dung"]
[Result "1/2-1/2"]
[WhiteElo "2458"]
[BlackElo "2474"]

1.d4 Nf6 2.c4 e6 3.Nc3 Bb4 4.Nf3 c5 5.g3 cxd4 6.Nxd4 d5 7.cxd5 Nxd5 8.Qb3 Nc6
9.Nxc6 bxc6 10.Bg2 O-O 11.O-O Rb8 12.Qc2 Ba6 13.Ne4 h6 14.Nc5 Bxc5 15.Qxc5 Bxe2
16.Re1  1/2-1/2

[Event "ch-AUT"]
[Site "Jenbach AUT"]
[Date "2009.07.28"]
[Round "4"]
[White "Kuthan,A"]
[Black "Hoelzl,F"]
[Result "1/2-1/2"]
[WhiteElo "2197"]
[BlackElo "2358"]

1.d4 Nf6 2.c4 e6 3.Nc3 Bb4 4.Nf3 d5 5.cxd5 exd5 6.Bg5 h6 7.Bh4 c5 8.e3 O-O
9.Bd3 cxd4 10.Nxd4 Nc6 11.O-O Be7 12.Qb3 Re8 13.Rac1 Na5 14.Qc2 Nc6 15.Qb3 Na5
16.Qc2 Nc6  1/2-1/2

[Event "III Deportiva San Juan Open"]
[Site "Pamplona ESP"]
[Date "2009.07.28"]
[Round "2"]
[White "Edouard,R"]
[Black "Pogorelov,R"]
[Result "0-1"]
[WhiteElo "2597"]
[BlackElo "2441"]

1.d4 Nf6 2.c4 e6 3.Nc3 Bb4 4.Nf3 c5 5.g3 O-O 6.Bg2 cxd4 7.Nxd4 d5 8.Qb3 Nc6
9.Nxc6 Bxc3+ 10.Qxc3 bxc6 11.O-O Qe7 12.Be3 Rd8 13.Qa5 Bb7 14.Rac1 d4 15.Bg5 c5
16.Bxb7 Qxb7 17.Bxf6 gxf6 18.Qxc5 Qxb2 19.Qe7 Kg7 20.c5 Qxe2 21.c6 Qb5 22.Rc5 Qb6
23.Rc4 Rd5 24.Re1 e5 25.Qa3 Rc8 26.Qf3  0-1

[Event "Centroamericano & Caribbean U20"]
[Site "Medellin COL"]
[Date "2009.07.30"]
[Round "1"]
[White "Moran,D"]
[Black "Nino,J"]
[Result "0-1"]
[WhiteElo "2055"]
[BlackElo "1915"]

1.d4 Nf6 2.c4 e6 3.Nc3 Bb4 4.Nf3 c5 5.g3 b6 6.Bg2 Bb7 7.O-O Qc7 8.Bf4 Qc8
9.d5 Bxc3 10.bxc3 exd5 11.Nh4 d6 12.cxd5 Qd7 13.e4 O-O 14.Nf5 Bxd5 15.Bg5 Bxe4
16.Nxg7 Bxg2 17.Bxf6 Bxf1 18.Qd2 Qh3 19.Rxf1 Nd7 20.Qf4 h6 21.Rd1 Nxf6 22.Qxf6 Qg4
23.Nf5 Qxd1+ 24.Kg2 Qd5+ 25.Kg1 Qe5  0-1

[Event "Australasian Match of the Decade"]
[Site "Auckland NZL"]
[Date "2009.08.01"]
[Round "1"]
[White "Wang,Ph"]
[Black "Smerdon,D"]
[Result "0-1"]
[WhiteElo "2306"]
[BlackElo "2502"]

1.d4 Nf6 2.c4 e6 3.Nc3 Bb4 4.Nf3 d5 5.cxd5 exd5 6.Bg5 c5 7.e3 O-O 8.Bd3 c4
9.Bb1 Nbd7 10.O-O Bxc3 11.bxc3 Qa5 12.Qc2 Ne4 13.Rc1 Qa3 14.Bh4 Nb6 15.Nd2 Bf5
16.Nxe4 dxe4 17.Qd2 Nd5 18.f3 Rfe8 19.Be1 Bg6 20.f4 b5 21.Bc2 a5 22.Bd1 f5
23.Rab1 Rab8 24.g3 Bf7 25.Kf2 h6 26.Rc2 Rb6 27.Qc1 Qd6 28.Be2 Rc8 29.a3 g5
30.Bd2 Kh7 31.Qf1 Qf6 32.Qh3 Be8 33.Ra2 Rc7 34.Rc2 Bd7 35.Qh5 Qe7 36.fxg5 Kg7
37.Ra2 hxg5 38.h4 Rh6 39.Qxg5+ Qxg5 40.hxg5 Rh2+ 41.Ke1 b4 42.axb4 axb4 43.Ra5 bxc3
44.Bc1 c2 45.Rb8 Nc3 46.Bf1 Nd1 47.Re5 Kf7 48.Ba3 Bc8 49.d5 Nf2 50.Rxc8 Rxc8
51.Rxf5+ Kg6 52.Rxf2 Rxf2 53.Kxf2 Ra8 54.Bc1 Ra1 55.Bg2 Rxc1 56.Bxe4+ Kxg5  0-1

[Event "110th US Open"]
[Site "Indianapolis USA"]
[Date "2009.08.02"]
[Round "2"]
[White "Lenderman,A"]
[Black "Michaelides,M"]
[Result "0-1"]
[WhiteElo "2504"]
[BlackElo "1762"]

1.d4 Nf6 2.c4 e6 3.Nc3 Bb4 4.Nf3 b6 5.Bg5 Bb7 6.Nd2 h6 7.Bh4 Nc6 8.e3 Ne7
9.f3 Nf5 10.Bf2 c5 11.Bd3 O-O 12.d5 Nd6 13.e4 Bxc3 14.bxc3 e5 15.g4 Nh7 16.h4 Qf6
17.Be3 g5 18.Qe2 Kg7 19.Qh2 Rh8 20.Ke2 Ba6 21.a4 Rag8 22.a5 b5 23.cxb5 Bxb5
24.c4 Ba6 25.Bxc5 Rc8 26.Qf2 gxh4 27.f4 Rxc5 28.Qxc5 Rc8 29.Qxa7 Bxc4 30.Nxc4 Nxc4
31.Ra2 exf4 32.Rc1 f3+ 33.Kd1 Nb2+ 34.Rxb2 Rxc1+ 35.Kxc1 Qc3+ 36.Bc2 h3 37.Rb3 Qe1+
38.Bd1 f2 39.Qd4+ f6 40.Rf3 f1=Q 41.Rxf1 Qxf1 42.Qa7 Nf8 43.Qb8 Qf2 44.e5 Qf4+
45.Kb2 fxe5 46.Qb3 h2 47.Qh3 Qd4+ 48.Ka3 Qxd1 49.Qxh2 Qxd5 50.Kb4  0-1

[Event "Open"]
[Site "Kavala GRE"]
[Date "2009.08.02"]
[Round "3"]
[White "Adamopoulos,I"]
[Black "David,Alb"]
[Result "0-1"]
[WhiteElo "2066"]
[BlackElo "2565"]

1.d4 Nf6 2.c4 e6 3.Nc3 Bb4 4.Nf3 b6 5.g3 Ba6 6.Qb3 c5 7.Bg2 Nc6 8.dxc5 bxc5
9.O-O O-O 10.Nb5 d5 11.cxd5 Nxd5 12.a4 Qa5 13.e4 Nc7 14.Bf4 Nxb5 15.axb5 Qxb5
16.Rfd1 Qb6 17.Ne5 Nxe5 18.Bxe5 Be2 19.Rd6 Qb5 20.Qe3 c4 21.Qxe2 Qxe5 22.Rd7 Bc5
23.Qxc4 Bxf2+ 24.Kh1 Qxb2 25.Rf1 Rac8 26.Qa6 Rc2 27.e5 Qxe5 28.Qb7 Qe2 29.Qb3 Bb6
30.Qf3 Qxf3 31.Bxf3 Rd8 32.Rxd8+ Bxd8 33.Kg1 Bb6+ 34.Kh1 f5 35.Rd1 Kf7 36.g4 Rf2
37.Rd7+ Kf6 38.Bd1 f4 39.Rd3 Be3 40.Bb3 f3 41.h4 Rf1+  0-1

[Event "16th ORDIX Open"]
[Site "Mainz GER"]
[Date "2009.08.02"]
[Round "7"]
[White "Bacrot,E"]
[Black "Horvath,Ad1"]
[Result "1-0"]
[WhiteElo "2721"]
[BlackElo "2506"]

1.d4 Nf6 2.c4 e6 3.Nc3 Bb4 4.Nf3 b6 5.Bg5 h6 6.Bh4 Bb7 7.Nd2 g5 8.Bg3 Bxc3
9.bxc3 d6 10.e3 Nbd7 11.h4 Rg8 12.hxg5 hxg5 13.Qa4 Qe7 14.c5 dxc5 15.Rc1 a6
16.Bxc7 b5 17.Qd1 Rc8 18.Bg3 cxd4 19.cxd4 Qb4 20.Rxc8+ Bxc8 21.Qc1 Bb7 22.a3 Qa5
23.Bc7 Qa4 24.Be2 b4 25.Bd6 bxa3 26.Bxa3 Qc6 27.Nc4 Qxg2 28.Nd6+ Kf8 29.Kd2 Kg7
30.Rg1 Ne4+ 31.Nxe4 Qxe4 32.Rxg5+ Kh8 33.Rh5+ Kg7 34.Qg1+  1-0

[Event "Open"]
[Site "Kavala GRE"]
[Date "2009.08.04"]
[Round "5"]
[White "Melkumyan,H"]
[Black "Belov,Vl"]
[Result "1/2-1/2"]
[WhiteElo "2530"]
[BlackElo "2627"]

1.d4 Nf6 2.c4 e6 3.Nc3 Bb4 4.Nf3 d5 5.cxd5 exd5 6.Bg5 Nbd7 7.e3 c5 8.Bd3 Qa5
9.Qc2 c4 10.Bf5 O-O 11.O-O Re8 12.Nd2 g6 13.Bh3 Bxc3 14.Qxc3 Qxc3 15.bxc3 Kg7
16.Rfb1 b6 17.f3 h6 18.Bxf6+ Nxf6 19.Bxc8 Raxc8 20.Kf2 Re6 21.a4 a6 22.Rb4 Rce8
23.Re1 Nh5 24.g3 f5 25.e4 fxe4 26.fxe4 dxe4 27.Nxc4 Rc8 28.Rxb6 Rf6+ 29.Rxf6 Nxf6
30.Nd6 Rxc3 31.Nxe4 Nxe4+ 32.Rxe4 Rc4 33.Ke3 Rxa4 34.Rf4 a5 35.Rf2 Rb4 36.Kd3 Rb8
37.Kc4 Ra8 38.Rf3 a4 39.Kb4 Rd8 40.Kc5 Ra8 41.Kb4 Rd8 42.Kc5  1/2-1/2

[Event "FSIMB August"]
[Site "Budapest HUN"]
[Date "2009.08.05"]
[Round "5"]
[White "Kislik,E"]
[Black "Tesik,C"]
[Result "1-0"]
[WhiteElo "2342"]
[BlackElo "2172"]

1.d4 Nf6 2.c4 e6 3.Nc3 Bb4 4.Nf3 c5 5.g3 O-O 6.Bg2 cxd4 7.Nxd4 d5 8.cxd5 Nxd5
9.Qb3 Na6 10.O-O Nxc3 11.bxc3 Be7 12.Be3 Nc5 13.Qc2 Bd7 14.Rfd1 Qc7 15.a4 a6
16.a5 Rfd8 17.Nb3 Rab8 18.Rd4 Bb5 19.Nxc5 Bxc5 20.Rxd8+ Rxd8 21.Bxc5 Qxc5
22.Bxb7 g6 23.Bf3 Rc8 24.Rd1 Qa3 25.Bb7 Rxc3 26.Rd8+ Kg7 27.Qe4 Rc1+ 28.Kg2 Qb2
29.Qf4 Bxe2 30.Kh3 e5 31.Qe3 Bf1+ 32.Bg2 Bc4 33.Bd5 Rd1 34.Bxc4 Rxd8 35.Qa7 Rf8
36.Bxa6 Qd4 37.Qc7 Rd8 38.Bc8 Qd6 39.Qxd6 Rxd6 40.a6 Rd2 41.Bb7 Ra2 42.g4 f5
43.Kg3 Ra3+ 44.f3 Ra2 45.g5 Kf7 46.Bd5+  1-0

[Event "Jubilee Open"]
[Site "Zuerich SUI"]
[Date "2009.08.10"]
[Round "3"]
[White "Lauber,A"]
[Black "Meier,Geo"]
[Result "1/2-1/2"]
[WhiteElo "2517"]
[BlackElo "2658"]

1.d4 e6 2.c4 Nf6 3.Nc3 Bb4 4.Nf3 c5 5.g3 cxd4 6.Nxd4 O-O 7.Bg2 d5 8.cxd5 Nxd5
9.Qb3 Nc6 10.Nxc6 bxc6 11.O-O Rb8 12.a3 Nxc3 13.bxc3 Bd6 14.Qa4 Qc7 15.Qxc6 Qxc6
16.Bxc6 Rb3 17.Be3 Rxc3  1/2-1/2

[Event "24th ICT Acropolis"]
[Site "Chalkida GRE"]
[Date "2009.08.11"]
[Round "2"]
[White "Papadopoulou,V"]
[Black "Vragoteris,A"]
[Result "0-1"]
[WhiteElo "2160"]
[BlackElo "2266"]

1.d4 Nf6 2.c4 e6 3.Nc3 Bb4 4.Nf3 c5 5.g3 cxd4 6.Nxd4 O-O 7.Bg2 d5 8.cxd5 Nxd5
9.Bd2 Bxc3 10.bxc3 e5 11.Nb3 Nc6 12.O-O Nde7 13.Be3 Qc7 14.Bc5 Rd8 15.Qc2 Bf5
16.Qb2 Rd7 17.Rad1 Rad8 18.Rxd7 Rxd7 19.Ba3 b6 20.c4 f6 21.Rc1 Qd8 22.h3 a5
23.Bxe7 Nxe7 24.c5 bxc5 25.Nxc5 Rc7 26.Qb3+ Kh8 27.Rd1 Qc8 28.Qb6 h5 29.Kh2 Kh7
30.Nb7 Rc2 31.Nd6 Qe6 32.Qd8 Rxe2 33.Qe8 Bg6 34.Qf8 Rxf2 35.Ne8 Rxg2+ 36.Kxg2 Qc6+
37.Kg1 Bxe8 38.Qxe7 Qf3  0-1

[Event "24th ICT Acropolis"]
[Site "Chalkida GRE"]
[Date "2009.08.12"]
[Round "3"]
[White "Mastrovasilis,A"]
[Black "Nikolaidis,K"]
[Result "1-0"]
[WhiteElo "2503"]
[BlackElo "2270"]

1.d4 Nf6 2.c4 e6 3.Nc3 Bb4 4.Nf3 b6 5.Bg5 h6 6.Bh4 g5 7.Bg3 Bxc3+ 8.bxc3 d6
9.Nd2 Qe7 10.e4 e5 11.Bd3 Nbd7 12.h4 Rg8 13.hxg5 hxg5 14.Qa4 Bb7 15.O-O-O a6
16.f3 O-O-O 17.Nf1 Rh8 18.Ne3 Nh5 19.Nd5 Qe6 20.Bh2 Nf4 21.Bxf4 gxf4 22.Nb4 Qf6
23.Rxh8 Rxh8 24.Bf1 Nb8 25.c5 dxc5 26.dxc5 bxc5 27.Nd5 Bxd5 28.Rxd5 Qb6 29.Kc2 f6
30.Qc4 Kb7 31.Rd1 Ka7 32.Qf7 Nc6 33.Rb1 Qa5 34.Bc4 Rh2 35.Qg7 Nd4+ 36.cxd4 cxd4
37.Rb3 Rh1 38.a3 Rg1 39.Qg8 Rc1+ 40.Kxc1 Qe1+ 41.Kb2 Qd2+ 42.Ka1  1-0

[Event "5th FIDE GP"]
[Site "Jermuk ARM"]
[Date "2009.08.13"]
[Round "5"]
[White "Cheparinov,I"]
[Black "Ivanchuk,V"]
[Result "0-1"]
[WhiteElo "2678"]
[BlackElo "2703"]

1.d4 e6 2.c4 Nf6 3.Nc3 Bb4 4.Nf3 c5 5.g3 Nc6 6.Bg2 Ne4 7.Bd2 Nxd2 8.Qxd2 cxd4
9.Nxd4 Qb6 10.e3 Ne5 11.b3 Qa5 12.Rc1 a6 13.O-O O-O 14.f4 Ng4 15.Qd3 Be7
16.h3 Nf6 17.g4 Rb8 18.g5 Ne8 19.Ne4 Qd8 20.Rcd1 Nc7 21.c5 b6 22.c6 a5 23.Rf3 Ba6
24.Qd2 Bb4 25.Qc1 d5 26.Ng3 Qd6 27.Nh5 Qc5 28.Qb2 Bc3 29.Qf2 Bxd4 30.exd4 Qxc6
31.Rg3 Kh8 32.Qe3 Qd6 33.Rc1 Rfc8 34.Rg4 Ne8 35.Re1 g6 36.Nf6 Nxf6 37.gxf6 Rc2
38.Rh4 Rbc8 39.Qg3 Qb4 40.f5 Qxe1+ 41.Qxe1 Rc1 42.Qxc1 Rxc1+  0-1

[Event "Abu Dhabi Festival Open"]
[Site "Abu Dhabi UAE"]
[Date "2009.08.15"]
[Round "3"]
[White "Sturua,Z"]
[Black "Dargan,P"]
[Result "1-0"]
[WhiteElo "2513"]
[BlackElo "2141"]

1.d4 Nf6 2.c4 e6 3.Nc3 Bb4 4.Nf3 O-O 5.Bg5 d5 6.cxd5 exd5 7.e3 h6 8.Bh4 c6
9.Bd3 Bg4 10.Qb3 Bxc3+ 11.bxc3 Qb6 12.Qa3 Qd8 13.Ne5 Be6 14.O-O Re8 15.f4 Qe7
16.Qb2 b6 17.Rae1 Bc8 18.e4 dxe4 19.Bxe4 Qd6 20.Nc4 Qd8 21.Bxf6 gxf6 22.Qf2 f5
23.Bd3 Rxe1 24.Rxe1 Be6 25.Ne3 Qf6 26.Nxf5 Nd7 27.Ng3 Rc8 28.Nh5 Qh8 29.f5  1-0

[Event "Abu Dhabi Festival Open"]
[Site "Abu Dhabi UAE"]
[Date "2009.08.16"]
[Round "5"]
[White "Melkumyan,H"]
[Black "Mohamed,N"]
[Result "1-0"]
[WhiteElo "2530"]
[BlackElo "2229"]

1.d4 Nf6 2.c4 e6 3.Nc3 Bb4 4.Nf3 c5 5.g3 O-O 6.Bg2 cxd4 7.Nxd4 d5 8.Qb3 Bxc3+
9.bxc3 e5 10.Nf3 dxc4 11.Qxc4 Nc6 12.O-O Be6 13.Qb5 Qc7 14.Ba3 Rfd8 15.Ng5 Bd7
16.Qc4 Be8 17.Qc5 Bd7 18.f4 h6 19.Ne4 Nxe4 20.Bxe4 exf4 21.gxf4 Qa5 22.Rfd1 Qxc5+
23.Bxc5 Be6 24.Bd4 f5 25.Bf3 Rd7 26.Kf2 Rad8 27.e3 Bd5 28.a4 Bxf3 29.Kxf3 b6
30.Rab1 Kf7 31.Rb5 Rd5 32.h4 g6 33.h5 gxh5 34.e4 fxe4+ 35.Kxe4 R5d6 36.Rf5+ Ke8
37.Rxh5 Re6+ 38.Kd3 Kf7 39.Rf5+ Kg6 40.Rb5 Nxd4 41.cxd4 Red6 42.Ke4 Kf6 43.Rf5+ Kg6
44.Rg1+ Kh7 45.d5 R6d7 46.Kd4 Rc8 47.Rf6 Rcd8 48.Rf5 Rc8 49.Re5 Rc5 50.f5 Ra5
51.f6 Rxa4+ 52.Ke3  1-0

[Event "24th ICT Acropolis"]
[Site "Chalkida GRE"]
[Date "2009.08.16"]
[Round "7"]
[White "Papadopoulou,V"]
[Black "Lomineishvili,M"]
[Result "0-1"]
[WhiteElo "2160"]
[BlackElo "2427"]

1.d4 Nf6 2.c4 e6 3.Nc3 Bb4 4.Nf3 d5 5.Bg5 h6 6.Bxf6 Qxf6 7.e3 O-O 8.Rc1 dxc4
9.Bxc4 c5 10.O-O cxd4 11.exd4 Bxc3 12.Rxc3 Nd7 13.Bb3 Rd8 14.Qe2 Nf8 15.Rc7 Bd7
16.Ne5 Be8 17.Qe4 Bc6 18.Nxc6 bxc6 19.Qxc6 Qxd4 20.Qf3 Nd7 21.Rd1 Ne5 22.Qxa8 Qxd1+
23.Bxd1 Rxa8 24.Bc2 g5 25.Kf1 a5 26.b3 Kg7 27.Ke2 Kf6 28.a4 h5 29.h3 h4 30.f3 Ra6
31.Ke3 Nc6 32.Bd3 Rb6 33.Bb5 Nb4 34.Ra7 Nc2+ 35.Kf2 Rd6 36.Rxa5 Rd2+ 37.Be2 e5
38.Kf1 Kf5 39.Rc5 Kf4 40.Rc4+ Nd4 41.a5 Kg3 42.a6 Rb2 43.Bd3 Rxb3 44.Ra4 Rxd3
45.Ra1 Nb5 46.a7 Nxa7 47.Rxa7 f5 48.Rf7 Kf4 49.Re7 Rd1+ 50.Kf2 Rd2+ 51.Kf1 Ra2
52.Re8 e4 53.fxe4 fxe4 54.Rb8 Rd2 55.Rb3 Rd3 56.Rb1 Ra3 57.Ke2 Kg3 58.Kf1 Ra2
59.Rb3+ Kh2 60.Re3 Rxg2 61.Rxe4 Kxh3 62.Re3+ Kh2  0-1

[Event "Asian Zone 3.2 m"]
[Site "New Delhi IND"]
[Date "2009.08.16"]
[Round "12"]
[White "Ahmed,As"]
[Black "Amir,K"]
[Result "0-1"]
[WhiteElo "1818"]
[BlackElo "2248"]

1.d4 Nf6 2.c4 e6 3.Nf3 Bb4+ 4.Nc3 O-O 5.Bg5 c5 6.d5 exd5 7.cxd5 d6 8.e4 Re8
9.Nd2 Nxe4 10.Bxd8 Nxc3+ 11.Be2 Nxd1 12.Bc7  0-1

[Event "59th ch-HUN"]
[Site "Szeged HUN"]
[Date "2009.08.16"]
[Round "8"]
[White "Berczes,D"]
[Black "Prohaszka,P2"]
[Result "1/2-1/2"]
[WhiteElo "2519"]
[BlackElo "2508"]

1.d4 Nf6 2.c4 e6 3.Nc3 Bb4 4.Nf3 c5 5.g3 Ne4 6.Qd3 Qa5 7.Qxe4 Bxc3+ 8.Bd2 Bxd2+
9.Nxd2 Nc6 10.dxc5 b6 11.Bg2 Bb7 12.Qf4 bxc5 13.O-O Nd4 14.Qg5 Nxe2+ 15.Kh1 Bxg2+
16.Kxg2 O-O 17.Nb3 Qb4 18.Qxc5 Qxc5 19.Nxc5 Rfc8 20.Nb3 Rxc4 21.Rfd1 Rc2
22.Rab1 e5 23.Kf3 Rb8 24.Rxd7 f5 25.Rxa7 e4+ 26.Kg2 f4 27.Re7 Rb4 28.Rd1 f3+
29.Kf1 h6 30.Rdd7 Rxb3 31.Rxg7+ Kf8 32.Rgf7+ Kg8 33.Rg7+ Kf8 34.Rgf7+  1/2-1/2

[Event "XXVI Open A"]
[Site "Collado Villalba ESP"]
[Date "2009.08.21"]
[Round "1"]
[White "Gal,E"]
[Black "Sanchez Gonzalez,S"]
[Result "0-1"]
[WhiteElo "1981"]
[BlackElo "2305"]

1.d4 Nf6 2.Nf3 e6 3.c4 Bb4+ 4.Nc3 d5 5.e3 O-O 6.Bd3 c5 7.a3 Bxc3+ 8.bxc3 dxc4
9.Bxc4 Qc7 10.Be2 Nc6 11.O-O Rd8 12.Qc2 e5 13.Bd3 Bg4 14.Ng5 h6 15.Ne4 Nxe4
16.Bxe4 Na5 17.dxe5 Qxe5 18.Rb1 Be6 19.f4 Qc7 20.g3 Rab8 21.Re1 Bc4 22.Bb2 Qe7
23.Ba1 b6 24.Rbc1 Nb3 25.Rcd1 Rxd1 26.Rxd1 Re8 27.Bc6 Qxe3+ 28.Kh1 Nxa1 29.Rxa1 Rd8
30.Rd1 Rxd1+ 31.Qxd1 Qxc3 32.Qd8+ Kh7 33.Qe7  0-1

[Event "ch-FRA National B"]
[Site "Nimes FRA"]
[Date "2009.08.21"]
[Round "11"]
[White "Vaisser,A"]
[Black "Kosten,A"]
[Result "0-1"]
[WhiteElo "2514"]
[BlackElo "2497"]

1.d4 Nf6 2.c4 e6 3.Nc3 Bb4 4.Nf3 b6 5.g3 Bb7 6.Bg2 O-O 7.O-O Bxc3 8.bxc3 d6
9.a4 Nc6 10.Nd2 Na5 11.Bxb7 Nxb7 12.Nb3 Qd7 13.Qd3 d5 14.f3 Qc6 15.cxd5 exd5
16.Bg5 Rfe8 17.Rfe1 h6 18.Bxf6 Qxf6 19.e4 Qg6 20.Re2 Nd6 21.Nd2 Rad8 22.Rae1 c5
23.Qb1 cxd4 24.cxd4 Rc8 25.Qb3 dxe4 26.fxe4 Qg4 27.Kg2 Qd7 28.Nf3 Nc4 29.Rf2 Qc6
30.d5 Qc5 31.Qd3 f6 32.Nd4 Ne5 33.Qd1 Qc3 34.Nb5 Qb4 35.Qb1 Rc4 36.Qxb4 Rxb4
37.Rc2 Rxa4 38.Rec1 Kh7 39.Rc7 Nd3 40.Rd1 Ra2+ 41.Kf3 Ne5+ 42.Ke3 Ng4+ 43.Kd4 Ra4+
44.Kc3 Nf2 45.Rd4 Nxe4+ 46.Kb2 Ra5 47.Nxa7 Nd6 48.Rd7 Re2+ 49.Kb3 Ne4 50.Rxe4 Rxe4
51.Nc6 Rb5+ 52.Kc3 Re1 53.Kd2 Ra1 54.Ke3 Rb3+ 55.Kf4 Ra4+ 56.Kf5 Re3 57.d6 Rc4
58.Rc7 Rc5+ 59.Kf4 Rd3 60.d7 Rd6 61.h4 h5 62.Ke4 b5 63.d8=Q Rxd8 64.Rxg7+ Kxg7
65.Nxd8 Rc3 66.Ne6+ Kf7  0-1

[Event "RUS-CHN Match w Rapid"]
[Site "Sochi RUS"]
[Date "2009.08.21"]
[Round "4"]
[White "Romanko,M"]
[Black "Zhao Xue"]
[Result "1-0"]
[WhiteElo "2447"]
[BlackElo "2544"]

1.d4 Nf6 2.c4 e6 3.Nc3 Bb4 4.Nf3 d5 5.cxd5 exd5 6.Bg5 Nbd7 7.e3 c5 8.Qc2 Qa5
9.Bd3 c4 10.Bf5 O-O 11.O-O Re8 12.Bh4 g6 13.Bxd7 Nxd7 14.Nd2 Nb6 15.e4 Bxc3
16.bxc3 Qa4 17.Qb1 Qa3 18.exd5 Bf5 19.Qc1 Qd6 20.a4 Bd3 21.Re1 Nxd5 22.Nf3 f6
23.h3 Kg7 24.Nh2 h5 25.Bg3 Qb6 26.Nf1 Bxf1 27.Kxf1 Rxe1+ 28.Qxe1 Qc6 29.a5 Re8
30.Qc1 Re7 31.Qb2 h4 32.Bb8 g5 33.Rb1 Kg6 34.Kg1 Qe8 35.Bd6 Re6 36.Qc2+ Kh6
37.Rxb7 Re1+ 38.Kh2 Qe4 39.Qxe4 Rxe4 40.Rxa7 Re2 41.Ra8 Rxf2 42.a6 Ra2 43.a7 Kh7
44.Bc5 Nf4 45.Re8 Rxg2+ 46.Kh1 Rc2 47.a8=Q Rc1+ 48.Kh2 Rc2+ 49.Kg1 Rc1+ 50.Kf2 Rc2+
51.Kf3  1-0

[Event "3rd NH Chess Tournament"]
[Site "Amsterdam NED"]
[Date "2009.08.22"]
[Round "3"]
[White "Nielsen,PH"]
[Black "Caruana,F"]
[Result "1/2-1/2"]
[WhiteElo "2680"]
[BlackElo "2670"]

1.d4 Nf6 2.c4 e6 3.Nf3 Bb4+ 4.Nc3 b6 5.Qc2 Bb7 6.a3 Bxc3+ 7.Qxc3 d6 8.g3 Nbd7
9.Bg2 a5 10.b3 O-O 11.O-O Be4 12.Bb2 c6 13.Bh3 b5 14.Nd2 bxc4 15.bxc4 d5
16.a4 Re8 17.Rfc1 Bg6 18.cxd5 cxd5 19.Qc7 Nb6 20.Bf1 Qxc7 21.Rxc7 Rec8 22.Rxc8+ Rxc8
23.Nb3 Rc2 24.Ba3 Nxa4 25.Nxa5 Nc3  1/2-1/2

[Event "XI Sants Open"]
[Site "Barcelona ESP"]
[Date "2009.08.22"]
[Round "2"]
[White "Ikonnikov,Vy"]
[Black "Sabria Batlle,P"]
[Result "1-0"]
[WhiteElo "2556"]
[BlackElo "2221"]

1.d4 Nf6 2.c4 e6 3.Nc3 Bb4 4.Nf3 O-O 5.Bg5 h6 6.Bh4 d5 7.e3 Nbd7 8.cxd5 exd5
9.Bd3 c5 10.O-O Bxc3 11.bxc3 Qa5 12.Qc2 Re8 13.Nd2 Qc7 14.Rfe1 b6 15.Bb5 Re6
16.Bg3 Qd8 17.e4 Bb7 18.e5 Ne4 19.Nxe4 dxe4 20.Rad1 Qe7 21.d5 Rxe5 22.d6  1-0

[Event "RUS-CHN Match w Rapid"]
[Site "Sochi RUS"]
[Date "2009.08.22"]
[Round "10"]
[White "Romanko,M"]
[Black "Xu Yuhua"]
[Result "0-1"]
[WhiteElo "2447"]
[BlackElo "2485"]

1.d4 e6 2.c4 Nf6 3.Nc3 Bb4 4.Nf3 b6 5.Bg5 Bb7 6.Nd2 Be7 7.e4 h6 8.Be3 d6
9.Be2 e5 10.d5 O-O 11.g4 Nfd7 12.Nf3 c6 13.h4 a6 14.Qd2 b5 15.h5 Nf6 16.Bxh6 gxh6
17.Qxh6 Nh7 18.g5 Bxg5 19.Rg1 f6 20.Nh4 Rf7 21.Nf5 Kh8 22.Qg6 Qf8 23.h6 Qg8
24.Qh5 Rd7 25.Bg4 Nf8 26.Ng7 Rc7 27.Bf5 Bc8 28.Ne8 Bxf5 29.exf5 Qf7 30.Qxf7 Rxf7
31.Nxd6 Rd7 32.c5 cxd5 33.Nxd5 Raa7 34.Ke2 Nc6 35.b4 Nd4+ 36.Kf1 Nxf5 37.Nb6 Rxd6
38.cxd6 Nxd6 39.a4 Ne6 40.axb5 Nxb5 41.Rg3 Kh7 42.Rd3 Ned4 43.Nc8 Rc7 44.Nb6 Ra7
45.Nc8 Rc7 46.Nb6 Ra7 47.Nc8 Rc7 48.Nb6 Kxh6 49.Nd5 Rc6 50.f4 Bxf4 51.Nxf4 exf4
52.Re1 Rc4 53.Ra1 Rc6 54.Rd2 Kg5 55.Rg2+ Kf5 56.Rg8 Nc2 57.Ra4 Ne3+ 58.Kf2 Rc2+
59.Ke1 Nd4  0-1

[Event "Open"]
[Site "Bratto ITA"]
[Date "2009.08.23"]
[Round "3"]
[White "Chatalbashev,B"]
[Black "Vezzosi,P"]
[Result "1/2-1/2"]
[WhiteElo "2548"]
[BlackElo "2372"]

1.d4 Nf6 2.c4 e6 3.Nc3 Bb4 4.Nf3 b6 5.Bg5 Bb7 6.Nd2 h6 7.Bh4 Bxc3 8.bxc3 d6
9.f3 Nc6 10.e4 e5 11.Nb3 Qe7 12.Bd3 Nd8 13.O-O Ne6 14.c5 O-O 15.c6 Bc8 16.Re1 Nf4
17.Bf1 Ng6 18.Bf2 Qe8 19.d5 Nh7 20.Nd2 f5 21.exf5 Bxf5 22.Ne4 Nf4 23.Ng3 Qg6
24.Re3 Nf6 25.c4 Rae8 26.Kh1 Bc2 27.Qd2 Qh7 28.Rae1 g5 29.Bg1 Bg6 30.Ne4 Nxe4
31.fxe4 Re7 32.g3 Nh5 33.Bg2 Ref7 34.Qe2 Nf6 35.h3 Nh5 36.Kh2 Rf6 37.a4 a5
38.Qg4 Kh8 39.Qe2 Qe7 40.Qb2 R6f7 41.Qc3 Kh7 42.R3e2 Nf6 43.Qe3 Bh5 44.Rf2 Ng8
45.Ref1 Rxf2 46.Rxf2 Rxf2 47.Bxf2 Nf6 48.Be1 Bg6 49.Bc3 Kg8 50.c5 dxc5 51.Qe2 Ne8
52.Qb2 Nd6 53.Bxe5 Nxe4 54.Bh8 c4 55.Qe5 Qxe5 56.Bxe5 c3 57.Bxe4 Bxe4 58.Bxc3 Bxd5
59.Be5  1/2-1/2

[Event "RUS-CHN Match w Blitz"]
[Site "Sochi RUS"]
[Date "2009.08.23"]
[Round "5"]
[White "Romanko,M"]
[Black "Xu Yuhua"]
[Result "0-1"]
[WhiteElo "2447"]
[BlackElo "2485"]

1.d4 e6 2.c4 Nf6 3.Nc3 Bb4 4.Nf3 b6 5.Bg5 Bb7 6.Nd2 h6 7.Bh4 Be7 8.e4 d6
9.Bg3 O-O 10.Bd3 Nxe4 11.Bxe4 Bxe4 12.Ndxe4 f5 13.Nd2 f4 14.Qe2 fxg3 15.hxg3 Qd7
16.O-O-O Nc6 17.Nf3 Rae8 18.g4 Rf4 19.g5 Bxg5 20.Nxg5 hxg5 21.d5 exd5 22.Qh5 dxc4
23.Qh7+ Kf7 24.Nd5 Rf5 25.Ne3 Rf4 26.g4 Qe6 27.Nf5 Qg6 28.Qh3 Ne7 29.Ng3 c3
30.bxc3 Rf3  0-1

[Event "RUS-CHN Match w Blitz"]
[Site "Sochi RUS"]
[Date "2009.08.23"]
[Round "9"]
[White "Romanko,M"]
[Black "Zhao Xue"]
[Result "1-0"]
[WhiteElo "2447"]
[BlackElo "2544"]

1.d4 Nf6 2.c4 e6 3.Nc3 Bb4 4.Nf3 d5 5.Bg5 Nbd7 6.cxd5 exd5 7.e3 c5 8.Qc2 Qa5
9.Bd3 c4 10.Bf5 O-O 11.O-O Re8 12.Nd2 g6 13.Bxd7 Nxd7 14.Bf4 Bxc3 15.bxc3 Nb6
16.f3 Na4 17.Rac1 b5 18.e4 Be6 19.Be5 Qd8 20.f4 f6 21.f5 fxe5 22.fxe6 exd4
23.cxd4 Rxe6 24.e5 Qb6 25.Nf3 Rf8 26.Kh1 Re7 27.a3 a6 28.Qd2 c3 29.Qg5 Ref7
30.Rfe1 Qe6 31.Qe3  1-0